header

Children and pain (Record no. 57392)

MARC details
000 -LEADER
fixed length control field 02942nam a2200373 a 4500
082 04 - DEWEY DECIMAL CLASSIFICATION NUMBER
Classification number 618.92/0472
245 00 - TITLE STATEMENT
Title Children and pain
260 ## - PUBLICATION, DISTRIBUTION, ETC. (IMPRINT)
Place of publication New York :
Name of publisher Nova Biomedical Books,
Year of publication c2009.
300 ## - PHYSICAL DESCRIPTION
Number of Pages vi, 242 p. :
Other physical details ill. (some col.).
490 1# - SERIES STATEMENT
Series statement Health and human development series
505 0# - FORMATTED CONTENTS NOTE
Formatted contents note Children and pain / Patricia Schofield and Joav Merrick -- Psychological and alternative approaches to pediatric pain / Jennie C.I. Tsao, Qian Lu, and Lonnie K. Zeltzer -- Treating chronic pain in children from a holistic point of view / Soren Ventegodt and Joav Merrick -- Acute musculoskeletal sports injury / Amit M. Deokar, Shawn J. Smith, and Hatim A. Omar -- Treatment during acute painful episodes in adolescents with sickle cell disease / Eufemia Jacob, Marilyn Hockenberry, and Brigitta U. Mueller -- Morphine for acute pain in children with sickle cell disease / Eufemia Jacob ... [et al.] -- Healthy children's experimental pain responses / Subhadra Evans ... [et al.] -- How does chronic pain affect the lives of children? / Marcia L. Meldrum, Jennie C.I. Tsao, and Lonnie K. Zeltzer -- The needs of adolescents with chronic pain / Paula Forgeron and Patrick J. McGrath -- Clinical trials in children and adolescents with pain and sickle cell disease / Melissa J. Frei-Jones and Michael R. DeBaun -- Sickle cell disease : guidelines for treatment of pain in hospitalized children / Melissa J. Frei-Jones and Michael R. DeBaun -- Children with intellectual disability and assessment of pain / Lynn M. Breau -- Pregnancy and analgetics : long term effect on child quality of life / Soren Ventegodt ... [et al.] -- Pregnancy and mental pain : long term effect of maternal psychopharmacological drugs during pregnancy on child quality of life / Soren Ventegodt, Efrat Merrick-Kenig, and Joav Merrick.
650 #0 - SUBJECT ADDED ENTRY--TOPICAL TERM
Topical Term Pain in children
Topical Term Sickle Cell Anemia
Topical Term Pain
700 1# - ADDED ENTRY--PERSONAL NAME
Personal name Schofield, Pat
Personal name Merrick, Joav,
856 40 - ELECTRONIC LOCATION AND ACCESS
Uniform Resource Identifier http://site.ebrary.com/lib/rucke/Doc?id=10675061

No items available.

© 2026 Rongo University
Contact us: librarian | system librarian | Rongo university